[Event "III Miedzynarodowy Memorial Ireny Warakomskiej - Open B"]
[Site "Suwalki"]
[Date "2019.08.12"]
[Round "1.1"]
[White "Gawronski, Miroslaw"]
[Black "Koziol, Pawel"]
[Result "1-0"]
[WhiteTitle ""]
[BlackTitle ""]
[WhiteElo "2076"]
[BlackElo "1852"]

1. d4 Nf6 2. Nf3 g6 3. Bf4 b6 4. h3 Bb7 5. e3 Bg7 6. Be2 O-O 7. O-O d6 8. c4 Nbd7
9. Nc3 Re8 10. Rc1 e5 11. dxe5 dxe5 12. Bh2 Ne4 13. Nxe4 Bxe4 14. b4 Qe7 15. a3
a5 16. Qb3 c5 17. Nd2 Bf5 18. g4 Be6 19. Bf3 Rab8 20. bxa5 bxa5 21. Rfd1 f5 22.
Bd5 Red8 23. Qa4 Nb6 24. Qxa5 fxg4 25. hxg4 Nxd5 26. cxd5 Bxg4 27. f3 Bh3 28.
Bg3 Qg5 29. Kf2 Bh6 30. Rc3 Rb2 31. Qa4 Rf8 32. Qh4 Bg4 33. Qxg5 Bxg5 34. Kg1
Bxf3 35. Nxf3 Rxf3 36. Bxe5 Bxe3+ 37. Rxe3 Rxe3 38. Bxb2 1-0

[Event "III Miedzynarodowy Memorial Ireny Warakomskiej - Open B"]
[Site "Suwalki"]
[Date "2019.08.12"]
[Round "1.2"]
[White "Duda, Lukasz "]
[Black "Bogdanov, Ignat"]
[Result "0-1"]
[WhiteTitle ""]
[BlackTitle ""]
[WhiteElo "1847"]
[BlackElo "2075"]

1. e4 e6 2. d4 d5 3. Nc3 dxe4 4. Nxe4 Bd7 5. Nf3 Bc6 6. Bd3 Nd7 7. O-O Ngf6 8.
Ng3 Bd6 9. Re1 Bxf3 10. Qxf3 c6 11. Nf5 Bf8 12. Bf4 Qb6 13. c4 O-O-O 14. c5 Nxc5
15. dxc5 Bxc5 16. Red1 Qxb2 17. Rac1 Rd5 18. Rxc5 Rxc5 19. Nd6+ Kd7 20. Nxf7 Ra8
21. Rb1 Qxa2 22. Rxb7+ Ke8 23. Bd6 Rc1+ 24. Bf1 Rxf1+ 25. Kxf1 Qa1+ 26. Ke2 Qa6+
27. Qd3 Qxb7 28. Ne5 Qb5 29. Nc4 Qd5 30. Qb3 Rd8 31. Qb4 a5 32. Qc5 Ne4 0-1

[Event "III Miedzynarodowy Memorial Ireny Warakomskiej - Open B"]
[Site "Suwalki"]
[Date "2019.08.12"]
[Round "1.3"]
[White "Kowalec, Maciej"]
[Black "Koseski, Damian"]
[Result "1-0"]
[WhiteTitle ""]
[BlackTitle ""]
[WhiteElo "2074"]
[BlackElo "1846"]

1. d4 g6 2. e4 Bg7 3. f4 d6 4. c4 c5 5. d5 Nf6 6. Nc3 O-O 7. Bd3 e6 8. Nf3 exd5
9. cxd5 Re8 10. O-O Bg4 11. h3 Bxf3 12. Qxf3 a6 13. a4 Qa5 14. e5 Nfd7 15. e6
Nf6 16. f5 fxe6 17. fxe6 c4 18. Ne4 cxd3 19. Nxf6+ Bxf6 20. Qxf6 Nc6 21. Bh6 Qc5+
22. Kh1 Qd4 23. dxc6 Qxf6 24. Rxf6 bxc6 25. Raf1 d2 26. Bxd2 h5 27. Rxg6+ Kh7
28. Rh6+ Kg8 29. Bc3 1-0

[Event "III Miedzynarodowy Memorial Ireny Warakomskiej - Open B"]
[Site "Suwalki"]
[Date "2019.08.12"]
[Round "1.4"]
[White "Gardian, Adam"]
[Black "Zurkowski, Andrzej "]
[Result "1/2-1/2"]
[WhiteTitle ""]
[BlackTitle ""]
[WhiteElo "1842"]
[BlackElo "2071"]

1. d4 c5 2. e4 g6 3. Nf3 Bg7 4. Bc4 cxd4 5. c3 dxc3 6. Nxc3 Nc6 7. e5 Qa5 8. O-O
Nxe5 9. Nxe5 Bxe5 10. Nb5 Nf6 11. Re1 d6 12. f4 Ng4 13. fxe5 dxe5 14. Qe2 a6 15.
Na3 f5 16. h3 Qc5+ 17. Kh1 h5 18. Nc2 b5 19. Bb3 f4 20. Bd2 Bf5 21. Rac1 Nf2+
22. Kh2 Ng4+ 23. Kh1 Bd3 24. Qf3 Nf2+ 25. Kh2 Ng4+ 26. Kh1 Nf2+ 27. Kh2 1/2-1/2

[Event "III Miedzynarodowy Memorial Ireny Warakomskiej - Open B"]
[Site "Suwalki"]
[Date "2019.08.12"]
[Round "1.5"]
[White "Maciejewski, Kamil "]
[Black "Laskowski, Filip "]
[Result "1/2-1/2"]
[WhiteTitle ""]
[BlackTitle ""]
[WhiteElo "2065"]
[BlackElo "1842"]

1. Nf3 d5 2. g3 g6 3. Bg2 Bg7 4. d4 Nf6 5. O-O O-O 6. c4 c6 7. cxd5 cxd5 8. Nc3
Ne4 9. Nxe4 dxe4 10. Ne5 Qd5 11. f3 Nc6 12. Nxc6 bxc6 13. e3 Bf5 14. Bd2 Rab8
15. Bc3 Rfd8 16. g4 Bc8 17. fxe4 Qg5 18. Qf3 Bxg4 19. Qxf7+ Kh8 20. Qf4 Qh5 21.
Qg3 c5 22. Rf7 Bf6 23. e5 Bh4 24. Qf4 Bg5 25. Qf2 Bh4 26. Qd2 Be6 27. Rff1 Qg5
28. d5 Rxd5 29. Qe2 Rdd8 30. Kh1 Rf8 31. Rxf8+ Rxf8 32. Rf1 Rxf1+ 33. Qxf1 Kg7
34. Qf4 Qg4 35. Bf3 Qh3 36. Bg2 Qg4 37. Bf3 Qh3 38. Bg2 Qg4 39. Bf3 Qh3 1/2-1/2

[Event "III Miedzynarodowy Memorial Ireny Warakomskiej - Open B"]
[Site "Suwalki"]
[Date "2019.08.12"]
[Round "1.6"]
[White "Dziewonski, Dariusz"]
[Black "Hrymowicz, Artur "]
[Result "0-1"]
[WhiteTitle ""]
[BlackTitle ""]
[WhiteElo "1838"]
[BlackElo "2064"]

1. e4 c5 2. Nf3 e6 3. d4 cxd4 4. Nxd4 Nf6 5. Nc3 d6 6. Bc4 Be7 7. Bb3 O-O 8. f4
a6 9. O-O b5 10. f5 b4 11. Na4 e5 12. Ne2 Bb7 13. Bd5 Bxd5 14. exd5 Nbd7 15. Ng3
Qc7 16. a3 Qb7 17. c4 bxc3 18. Nxc3 h6 19. Nge4 Rfc8 20. Rb1 Rc4 21. Qe2 Rac8
22. Rd1 Rxc3 23. Nxc3 Rxc3 24. Bxh6 Rc5 25. Be3 Rxd5 26. Qc2 Rxd1+ 27. Rxd1 Ng4
28. Bf2 Nxf2 29. Qxf2 d5 30. Qd2 Nf6 31. h3 Bc5+ 32. Kh2 e4 33. Qc3 Bb6 34. Rc1
d4 35. Qc4 d3 36. g4 d2 37. Rd1 e3 38. g5 Qc7+ 39. Qxc7 Bxc7+ 40. Kg2 e2 0-1

[Event "III Miedzynarodowy Memorial Ireny Warakomskiej - Open B"]
[Site "Suwalki"]
[Date "2019.08.12"]
[Round "1.7"]
[White "Szewczyk, Mariusz"]
[Black "Bojczewski, Mateusz"]
[Result "0-1"]
[WhiteTitle ""]
[BlackTitle ""]
[WhiteElo "2050"]
[BlackElo "1836"]

1. e4 c6 2. d4 d5 3. Nc3 dxe4 4. Nxe4 Nd7 5. Nf3 Ngf6 6. Bd3 Nxe4 7. Bxe4 Nf6 8.
Bd3 Bg4 9. c3 Qd5 10. Be2 e6 11. O-O Be7 12. Ne5 Bxe2 13. Qxe2 Nd7 14. Bf4 Nxe5
15. dxe5 O-O-O 16. Rfd1 Qa5 17. b4 Qb5 18. Qe4 Rd5 19. Be3 g6 20. Bd4 Qc4 21.
Qf3 Rf8 22. a4 Rd7 23. a5 b5 24. Bc5 Rxd1+ 25. Rxd1 Bxc5 26. Qxc6+ Kb8 27. bxc5
Rc8 28. Qf3 Qxc5 29. Qxf7 Rf8 0-1

[Event "III Miedzynarodowy Memorial Ireny Warakomskiej - Open B"]
[Site "Suwalki"]
[Date "2019.08.12"]
[Round "1.8"]
[White "Kaminski, Maciej "]
[Black "Ocytko, Andrzej"]
[Result "1/2-1/2"]
[WhiteTitle ""]
[BlackTitle ""]
[WhiteElo "1818"]
[BlackElo "2047"]

1. e4 d5 2. exd5 Qxd5 3. Nc3 Qd8 4. d4 Nf6 5. Bc4 g6 6. Bf4 a6 7. Nf3 Bg7 8. Qd2
b5 9. Bb3 Bb7 10. O-O-O O-O 11. h4 h5 12. Ne5 Nd5 13. Bh6 Nxc3 14. Bxg7 Kxg7 15.
Qxc3 Qd6 16. Rhg1 Nd7 17. g4 hxg4 18. Rxg4 Nf6 19. Rgg1 Bd5 20. Qd3 Be4 21. Qe3
c5 22. f3 c4 23. fxe4 cxb3 24. axb3 Rh8 25. Qf4 Rh5 26. Nxg6 fxg6 27. e5 Qe6 28.
exf6+ Qxf6 29. Qxf6+ exf6 30. Rg4 f5 31. Rf4 Rah8 32. d5 Kf7 33. d6 Ke8 34. Rdd4
Kd7 35. c4 Rc8 36. Rf2 Rc6 37. Rfd2 Rh8 38. Kd1 Re8 39. cxb5 axb5 40. Rd5 Re6
41. h5 gxh5 42. Rxf5 Rcxd6 43. Rxh5 Kc6 44. Rxd6+ Rxd6+ 45. Kc2 b4 1/2-1/2

[Event "III Miedzynarodowy Memorial Ireny Warakomskiej - Open B"]
[Site "Suwalki"]
[Date "2019.08.12"]
[Round "1.9"]
[White "Gryczka, Wlodzimierz "]
[Black "Jeda, Maciej "]
[Result "0-1"]
[WhiteTitle ""]
[BlackTitle ""]
[WhiteElo "2045"]
[BlackElo "1815"]

1. e4 c5 2. Nf3 d6 3. c4 Nc6 4. d4 cxd4 5. Nxd4 Nf6 6. Nc3 g6 7. Be2 Bg7 8. Be3
O-O 9. Qd2 Bd7 10. O-O a6 11. h3 Na7 12. f4 Bc6 13. Bf3 Qb8 14. Rac1 Rc8 15. b3
b5 16. Nxc6 Nxc6 17. Nd5 Nxd5 18. cxd5 Nd8 19. Rxc8 Qxc8 20. Rc1 Qb8 21. Qc2 Kf8
22. Bg4 h5 23. Bd7 b4 24. Qf2 Bc3 25. g4 Qb7 26. Ba4 hxg4 27. hxg4 e6 28. Qg2
exd5 29. exd5 Qe7 30. Kf2 Rc8 31. Qh3 Kg8 32. Kf3 Qb7 33. Ke4 Ne6 34. Rd1 Nc5+
35. Bxc5 Rxc5 36. Bc6 Qe7+ 37. Kf3 Bd4 38. Rd3 Rc2 39. Qf1 Rf2+ 40. Qxf2 Bxf2
41. Kxf2 Qh4+ 42. Rg3 Qh2+ 43. Kf3 Qxa2 44. Ba4 Qd2 45. Bc6 Qc2 46. Ba4 Qd3+ 47.
Kf2 Qxd5 48. Re3 Qd2+ 49. Kf3 d5 50. Bc6 d4 51. Re8+ Kg7 52. Bd5 Qc2 0-1

[Event "III Miedzynarodowy Memorial Ireny Warakomskiej - Open B"]
[Site "Suwalki"]
[Date "2019.08.12"]
[Round "1.10"]
[White "Wiewiora, Michalina"]
[Black "Chojnowski, Marcin "]
[Result "0-1"]
[WhiteTitle ""]
[BlackTitle ""]
[WhiteElo "1812"]
[BlackElo "2038"]

1. c4 Nf6 2. Nc3 g6 3. g3 Bg7 4. Bg2 O-O 5. Nf3 d6 6. O-O e5 7. d3 Nc6 8. Rb1 a5
9. a3 Re8 10. e4 h6 11. b4 axb4 12. axb4 Bg4 13. h3 Be6 14. b5 Ne7 15. Nd5 Nd7
16. Be3 c6 17. Nxe7+ Rxe7 18. bxc6 bxc6 19. Qd2 Kh7 20. Ne1 Nc5 21. Nc2 Qc8 22.
Kh2 Ra2 23. Qd1 Rea7 24. Nb4 R2a3 25. Qc2 f5 26. Bxc5 dxc5 27. Nxc6 Rd7 28. Rb3
Rxb3 29. Qxb3 f4 30. Na5 Qf8 31. Rd1 h5 32. h4 g5 33. Qb6 Bg4 34. Rd2 gxh4 35.
Nb3 fxg3+ 36. fxg3 hxg3+ 37. Kh1 Rf7 38. Qxc5 Rf1+ 39. Bxf1 Qxf1+ 40. Qg1 Bf3+
41. Rg2 Bxg2# 0-1

[Event "III Miedzynarodowy Memorial Ireny Warakomskiej - Open B"]
[Site "Suwalki"]
[Date "2019.08.12"]
[Round "1.11"]
[White "Mirski, Michal "]
[Black "Szczygiel, Jakub "]
[Result "1-0"]
[WhiteTitle ""]
[BlackTitle ""]
[WhiteElo "2038"]
[BlackElo "1809"]

1. e4 c5 2. Nf3 g6 3. c3 Bg7 4. d4 cxd4 5. cxd4 d5 6. exd5 Nf6 7. Bb5+ Bd7 8. Bxd7+
Nbxd7 9. d6 exd6 10. O-O O-O 11. Nc3 Nb6 12. Bg5 Qd7 13. Qb3 Rac8 14. Rfe1 h6
15. Bf4 Nh5 16. Bg3 Nxg3 17. hxg3 Rce8 18. Rec1 Qd8 19. a4 a5 20. Qb5 g5 21. g4
f5 22. gxf5 g4 23. Nh2 Bxd4 24. Ne2 Bc5 25. Ng3 Qh4 26. Rxc5 dxc5 27. Qxb6 Qf6
28. Qxb7 Qd4 29. Qb3+ c4 30. Qc2 Rb8 31. Rc1 Rxb2 32. Qxc4+ Qxc4 33. Rxc4 Rb1+
34. Nhf1 Rb4 35. Rc6 Kh7 36. Rc7+ Kh8 37. Ne3 Rxa4 38. Nd5 Ra1+ 39. Kh2 Ra2 40.
Nf4 Rf6 41. Ng6+ Kg8 42. Rc8+ 1-0

[Event "III Miedzynarodowy Memorial Ireny Warakomskiej - Open B"]
[Site "Suwalki"]
[Date "2019.08.12"]
[Round "1.12"]
[White "Diachek, Alina "]
[Black "Jankowiak, Piotr "]
[Result "0-1"]
[WhiteTitle ""]
[BlackTitle ""]
[WhiteElo "1804"]
[BlackElo "2033"]

1. d4 Nf6 2. c4 c5 3. d5 g6 4. Nc3 d6 5. e4 Bg7 6. Bg5 h6 7. Bd2 O-O 8. h3 e5 9.
Bd3 Ne8 10. Nge2 f5 11. O-O f4 12. f3 h5 13. Kh2 Qd7 14. a3 g5 15. Nc1 Qe7 16.
Rh1 g4 17. hxg4 hxg4 18. Kg1 Qg5 19. Be2 Nd7 20. b4 b6 21. bxc5 bxc5 22. Rb1 Ndf6
23. Nb3 Nh5 24. Be1 Ng3 25. Bxg3 fxg3 26. Qd2 Qg6 27. Qe3 gxf3 28. Bxf3 Nf6 29.
Nb5 Rd8 30. Na5 Rd7 31. Qe2 Rb8 32. Nc6 Rbb7 33. Na5 Rb6 34. Nc3 Rxb1+ 35. Nxb1
Rf7 36. Nc3 Bh6 37. Nd1 Qg5 38. Nb3 Ng4 39. Na1 Nh2 40. Nc2 Bg4 41. Ne1 Qd2 42.
Qxd2 Bxd2 43. Nc2 Nxf3+ 44. gxf3 Bxf3 0-1

[Event "III Miedzynarodowy Memorial Ireny Warakomskiej - Open B"]
[Site "Suwalki"]
[Date "2019.08.12"]
[Round "1.13"]
[White "Grzesik, Norbert "]
[Black "Cwiek, Ryszard "]
[Result "1-0"]
[WhiteTitle ""]
[BlackTitle ""]
[WhiteElo "2031"]
[BlackElo "1800"]

1. e4 d6 2. d4 Nf6 3. Nc3 g6 4. Be3 Bg7 5. f3 c6 6. Qd2 Qc7 7. g4 h6 8. a4 a5 9.
Nge2 Na6 10. Ng3 Nb4 11. Nb1 b6 12. c3 Na6 13. Na3 Bb7 14. Bd3 Nd7 15. O-O-O O-O-O
16. Qe2 Nab8 17. f4 e5 18. dxe5 dxe5 19. f5 Bf8 20. Bc4 Bxa3 21. bxa3 Nf6 22.
Rxd8+ Kxd8 23. g5 b5 24. fxg6 fxg6 25. gxf6 bxc4 26. Qxc4 Nd7 27. Qe6 Re8 28.
Qf7 Qd6 29. Rd1 Rf8 30. Rxd6 Rxf7 31. Bxh6 Kc7 32. Re6 Rxf6 33. Rxf6 Nxf6 34.
Bg7 Nd7 35. Kd2 Kd6 36. Nf1 Ke6 37. h4 Nc5 38. Ne3 Nxe4+ 39. Kd3 Nc5+ 40. Kc2
Ba6 41. Ng4 e4 42. Ne5 Bb7 43. Nxg6 Kf7 44. Bd4 Kxg6 45. Bxc5 Kf5 46. Kd2 Kf4
47. Ke2 Bc8 48. Be3+ Ke5 49. Bb6 Bg4+ 50. Ke3 Bd1 51. Bxa5 Bxa4 52. Bc7+ Kf5 53.
Kd4 Bc2 54. Bd8 Kf4 55. Bg5+ Kg4 56. Bd2 Kxh4 57. Kc5 Ba4 58. Kb4 Bb5 59. a4 Ba6
60. Kc5 Kg4 61. Kxc6 Kf3 62. Kb6 Bc8 63. c4 e3 64. Bb4 Ke4 65. c5 Kd5 66. c6 e2
67. a5 Kc4 68. Be1 Kd5 69. Bg3 Ba6 70. Kxa6 Kxc6 71. Ka7 e1=Q 72. Bxe1 Kc7 73.
a6 Kc8 74. Bg3 Kd7 75. Kb7 Ke6 76. a7 Kd5 77. a8=Q Ke6 78. Qa6+ Kf7 79. Be5 Kg8
80. Qg6+ Kf8 81. Bd6# 1-0

[Event "III Miedzynarodowy Memorial Ireny Warakomskiej - Open B"]
[Site "Suwalki"]
[Date "2019.08.12"]
[Round "1.15"]
[White "Rak, Tomasz"]
[Black "Sivickis, Wiktoria "]
[Result "0-1"]
[WhiteTitle ""]
[BlackTitle ""]
[WhiteElo "2022"]
[BlackElo "1793"]

1. Nf3 Nf6 2. d4 e6 3. Bf4 c5 4. e3 d5 5. Nbd2 Nc6 6. c3 Be7 7. Bd3 O-O 8. h4 Bd6
9. Ne5 Qc7 10. Ndf3 Ne4 11. Ng5 f5 12. Bxe4 fxe4 13. Qh5 h6 14. Nh3 Rf5 15. Qe8+
Rf8 16. Qh5 Rf5 17. Qe2 cxd4 18. exd4 Nxe5 19. dxe5 Bxe5 20. Bxe5 Qxe5 21. O-O-O
Bd7 22. Rde1 a6 23. f4 Qc7 24. g4 Rff8 25. Kb1 Bb5 26. Qe3 Bc4 27. h5 Qa5 28.
b3 Bd3+ 29. Kb2 Rac8 30. Rc1 Qc5 31. Qg3 d4 32. c4 Qb4 33. Rh2 Rc5 34. a3 Qb6
35. Ka2 Ra5 36. Qg2 Qb4 37. Qb2 e3 38. Rg2 e2 39. Rgg1 Be4 40. g5 Rff5 41. gxh6
Rxa3+ 42. Qxa3 Ra5 43. Qxa5 Qxa5+ 44. Kb2 Qd2+ 45. Ka3 Bc2 46. Rxg7+ Kf8 47. Rxc2
Qxc2 48. Rg1 Qh7 49. f5 Qxh6 50. fxe6 Qxe6 51. Ng5 Qe7+ 52. c5 e1=Q 53. Nh7+ Ke8
54. Nf6+ Kf7 0-1

[Event "III Miedzynarodowy Memorial Ireny Warakomskiej - Open B"]
[Site "Suwalki"]
[Date "2019.08.12"]
[Round "1.16"]
[White "Pavlytchev, Mikhail"]
[Black "Mazalon, Mariusz "]
[Result "1-0"]
[WhiteTitle ""]
[BlackTitle ""]
[WhiteElo "1790"]
[BlackElo "2012"]

1. e4 c5 2. Nf3 d6 3. d4 cxd4 4. Nxd4 Nf6 5. Nc3 a6 6. Bc4 e6 7. Qe2 Nc6 8. Nxc6
bxc6 9. O-O Be7 10. Rd1 Qc7 11. Bf4 e5 12. Bg3 O-O 13. Bb3 Kh8 14. Rd2 Nd7 15.
Rad1 Nc5 16. Bc4 a5 17. h3 a4 18. b4 axb3 19. cxb3 Qa5 20. Qe3 f5 21. exf5 Bxf5
22. Rxd6 Bxd6 23. Rxd6 Rae8 24. Rxc6 Nd3 25. Bxd3 Bxd3 26. Qxd3 e4 27. Qc4 e3
28. fxe3 Rxe3 29. Rc8 Qf5 30. Rxf8+ Qxf8 31. Bf2 Re8 32. b4 h6 33. a4 Rc8 34.
Bc5 Qf5 35. a5 Re8 36. Bf2 Rc8 37. Qe4 Qd7 38. Qd4 Qe6 39. b5 Qb3 40. Be1 1-0

[Event "III Miedzynarodowy Memorial Ireny Warakomskiej - Open B"]
[Site "Suwalki"]
[Date "2019.08.12"]
[Round "1.17"]
[White "Karolczuk, Iwo "]
[Black "Maciejewski, Mikolaj "]
[Result "1-0"]
[WhiteTitle ""]
[BlackTitle ""]
[WhiteElo "1987"]
[BlackElo "1788"]

1. e4 c5 2. Nf3 Nc6 3. Bb5 g6 4. Bxc6 bxc6 5. O-O Bg7 6. Re1 d5 7. e5 e6 8. b3
Ne7 9. Nc3 Ba6 10. d3 Nf5 11. Na4 c4 12. dxc4 dxc4 13. Nc5 Qc8 14. Ba3 Bf8 15.
Qc1 Be7 16. g4 Ng7 17. Nxa6 Qxa6 18. Bxe7 Kxe7 19. Qg5+ Kf8 20. Rad1 h6 21. Qf6
Rg8 22. Rd7 1-0

[Event "III Miedzynarodowy Memorial Ireny Warakomskiej - Open B"]
[Site "Suwalki"]
[Date "2019.08.12"]
[Round "1.18"]
[White "Jagura, Norbert "]
[Black "Kaczmarek, Arkadiusz "]
[Result "0-1"]
[WhiteTitle ""]
[BlackTitle ""]
[WhiteElo "1786"]
[BlackElo "1986"]

1. c4 c6 2. Nc3 d5 3. e3 Nf6 4. cxd5 cxd5 5. Nf3 Nc6 6. d4 a6 7. Be2 Bf5 8. O-O
e6 9. a3 Be7 10. b4 b5 11. Bb2 O-O 12. Nd2 Ne8 13. Rc1 Qb6 14. Nb3 Nd6 15. Nc5
Rfd8 16. f4 a5 17. bxa5 Nxa5 18. g4 Be4 19. N5xe4 dxe4 20. Rb1 Nac4 21. Bxc4 Nxc4
22. Qe2 Qa5 23. Nxe4 f5 24. Bc3 Qxa3 25. Rxb5 Qa2 26. Qxa2 Rxa2 27. gxf5 exf5
28. Rf2 Ra3 29. Rxf5 Nxe3 30. Re5 Nd5 31. Bb2 Rd3 32. Nc5 Bxc5 33. dxc5 Ne3 34.
h3 Rd1+ 35. Kh2 R1d2 36. Re8+ Rxe8 0-1

[Event "III Miedzynarodowy Memorial Ireny Warakomskiej - Open B"]
[Site "Suwalki"]
[Date "2019.08.12"]
[Round "1.19"]
[White "Slabek, Grzegorz "]
[Black "Baranska, Monika "]
[Result "1/2-1/2"]
[WhiteTitle ""]
[BlackTitle ""]
[WhiteElo "1982"]
[BlackElo "1784"]

1. Nf3 d5 2. e3 Nf6 3. Be2 e6 4. O-O Be7 5. b3 O-O 6. Bb2 c5 7. d4 Nbd7 8. Nbd2
b6 9. c4 Bb7 10. Rc1 Rc8 11. Ne5 cxd4 12. Bxd4 Nxe5 13. Bxe5 Nd7 14. Bb2 Bf6 15.
Bxf6 Nxf6 16. Bf3 Qe7 17. cxd5 Bxd5 18. e4 Bb7 19. e5 Nd5 20. Ne4 Ba8 21. Qd2
Rfd8 22. Nd6 Rxc1 23. Rxc1 Nc7 24. Bxa8 Rxa8 25. f4 h6 26. f5 exf5 27. Qc2 Ne8
28. Qd3 Qxe5 29. Nxf5 Nf6 30. h3 Re8 31. Rf1 Qc5+ 32. Kh2 Qc7+ 33. Kg1 Qc5+ 34.
Kh2 Qc7+ 35. Kh1 Rd8 36. Qf3 Qe5 37. Nxh6+ gxh6 38. Qxf6 Qxf6 39. Rxf6 Rd2 40.
Rxh6 Rxa2 41. Rh4 Rb2 42. Rb4 Kg7 43. Kh2 Rc2 44. h4 Rc3 45. g3 Kg6 46. Kh3 Rc5
47. Ra4 a5 48. Rg4+ Kh6 49. b4 Rb5 50. bxa5 bxa5 51. Rg8 a4 52. Rh8+ Kg7 53. Ra8
Rb4 54. Ra6 Rc4 55. h5 Rb4 56. g4 Rc4 57. Kg3 Rb4 58. g5 Rc4 59. Ra5 Rb4 60. Kf3
Rh4 61. h6+ Kg6 62. Kg3 Rb4 63. Ra8 Kh7 64. Kf3 Rc4 65. Rf8 Rc7 66. Ra8 f6 67.
gxf6 Kxh6 68. Kf4 Kg6 69. Ke5 Kf7 70. Ra5 a3 71. Rxa3 Rc5+ 72. Kd4 Rf5 73. Ra6
Rxf6 74. Rxf6+ Kxf6 1/2-1/2

[Event "III Miedzynarodowy Memorial Ireny Warakomskiej - Open B"]
[Site "Suwalki"]
[Date "2019.08.12"]
[Round "1.20"]
[White "Bancarewicz, Aleks "]
[Black "Wierzbicki, Michal "]
[Result "1/2-1/2"]
[WhiteTitle ""]
[BlackTitle ""]
[WhiteElo "1773"]
[BlackElo "1978"]

1. e4 e6 2. d4 d5 3. Nc3 Nf6 4. e5 Nfd7 5. f4 c5 6. Nf3 Nc6 7. Be3 a6 8. Qd2 b5
9. a3 Qb6 10. Ne2 c4 11. g4 h5 12. gxh5 Rxh5 13. Ng3 Rh8 14. Bg2 Bb7 15. Kf2 O-O-O
16. Ng5 Rh4 17. Nxf7 Re8 18. c3 Be7 19. f5 Nd8 20. Nxd8 Bxd8 21. Raf1 Rhh8 22.
Ke1 Bh4 23. Bg5 Bxg3+ 24. hxg3 Rxh1 25. Bxh1 exf5 26. Rxf5 Nxe5 27. Rxe5 Rxe5+
28. dxe5 Qg1+ 29. Ke2 Qh2+ 30. Ke3 Qxh1 31. Qd4 Qc1+ 32. Qd2 Qg1+ 33. Qf2 d4+
34. cxd4 Qc1+ 35. Qd2 Qg1+ 36. Qf2 Qc1+ 37. Qd2 Qg1+ 38. Qf2 Qc1+ 39. Qd2 1/2-1/2

[Event "III Miedzynarodowy Memorial Ireny Warakomskiej - Open B"]
[Site "Suwalki"]
[Date "2019.08.12"]
[Round "1.21"]
[White "Pytel, Maciej"]
[Black "Kutowski, Marcel "]
[Result "1-0"]
[WhiteTitle ""]
[BlackTitle ""]
[WhiteElo "1977"]
[BlackElo "1773"]

1. e4 c6 2. d4 d5 3. Nc3 dxe4 4. Nxe4 Bf5 5. Ng3 Bg6 6. Bc4 e6 7. N1e2 h6 8. Nf4
Bh7 9. O-O Nf6 10. Re1 Be7 11. Rxe6 g5 12. Ngh5 O-O 13. Rxe7 Qxe7 14. Qe2 Qd6
15. Nxf6+ Qxf6 16. Nh5 Qd6 17. h4 Nd7 18. hxg5 Rfe8 19. Be3 hxg5 20. Qg4 Re4 21.
Qxd7 Qxd7 22. Nf6+ Kg7 23. Nxd7 f6 24. Bd3 Re6 25. Nc5 Re7 26. Bxh7 Kxh7 27. g4
Kg6 28. Kg2 Rh8 29. Rg1 b6 30. Nd3 Rh4 31. Kf3 Rh3+ 32. Ke2 Rh8 33. c4 Rd8 34.
Kd2 c5 35. d5 Rh7 36. a4 a5 37. Nc1 Rg7 38. Ne2 Re7 39. Ng3 Rh8 40. Kd3 Rd7 41.
Nf5 Rh3 42. d6 Kf7 43. Ke4 Ke6 44. Rd1 Rh2 45. Rd3 Rh1 46. Rb3 Ra1 47. Rxb6 Rxa4
48. b3 Ra1 49. Bxc5 a4 50. bxa4 Rxa4 51. Nd4+ Kf7 52. Kd5 Ra5 53. Rb5 Rxb5 54.
Nxb5 Ke8 55. Nc7+ Kf7 56. Kc6 Rd8 57. d7 1-0

[Event "III Miedzynarodowy Memorial Ireny Warakomskiej - Open B"]
[Site "Suwalki"]
[Date "2019.08.12"]
[Round "1.22"]
[White "Wloch, Mikolaj "]
[Black "Litner, Igor "]
[Result "1-0"]
[WhiteTitle ""]
[BlackTitle ""]
[WhiteElo "1771"]
[BlackElo "1974"]

1. e4 d6 2. d4 Nf6 3. Nc3 e5 4. dxe5 dxe5 5. Qxd8+ Kxd8 6. Bc4 Bb4 7. Bd2 Bxc3
8. Bxc3 Nxe4 9. Bxe5 f6 10. Bf4 Re8 11. Ne2 Nc6 12. O-O-O Bd7 13. Rhf1 Ne5 14.
Bd5 Nd6 15. Nc3 Re7 16. Rfe1 Nef7 17. Rxe7 Kxe7 18. Bxf7 Kxf7 19. Bxd6 cxd6 20.
Rxd6 Bc6 21. f3 g5 22. Nd5 Re8 23. Kd2 Re5 24. c4 f5 25. Nb4 Be8 26. Rd8 b6 27.
Rb8 Kg6 28. Rb7 a5 29. Rxb6+ Kh5 30. Nd5 Bf7 31. Nf6+ Kh4 32. Nd7 Re6 33. c5 g4
34. fxg4 fxg4 35. Rxe6 Bxe6 36. c6 g3 37. hxg3+ Kxg3 38. Ke3 h5 39. Nc5 Bc8 40.
Nd3 h4 41. Nf4 Bf5 42. b3 Bc8 43. a3 Ba6 44. b4 axb4 45. axb4 Bb5 46. c7 Ba6 47.
Ke4 Bb7+ 48. Kf5 Bc8+ 49. Kg5 Bb7 50. b5 Bc8 51. b6 Bb7 52. Nd5 Kxg2 53. Kxh4
Kf3 54. Ne7 Ke4 55. c8=Q Bxc8 56. Nxc8 Kd5 57. b7 Kc6 58. b8=Q 1-0

[Event "III Miedzynarodowy Memorial Ireny Warakomskiej - Open B"]
[Site "Suwalki"]
[Date "2019.08.12"]
[Round "1.23"]
[White "Kacprzak, Karol"]
[Black "Starosciak, Szymon "]
[Result "1-0"]
[WhiteTitle ""]
[BlackTitle ""]
[WhiteElo "1973"]
[BlackElo "1762"]

1. e4 c5 2. Nf3 Nc6 3. d4 cxd4 4. Nxd4 Nf6 5. Nxc6 bxc6 6. Bd3 d6 7. O-O g6 8.
Nc3 Bg7 9. h3 O-O 10. Be3 Qc7 11. f4 Rb8 12. Rb1 Nd7 13. Qd2 Re8 14. f5 Ne5 15.
Qf2 a5 16. Kh1 Rf8 17. Bg5 Bb7 18. Qh4 f6 19. Be3 g5 20. Qf2 c5 21. b3 Bc6 22.
Qe2 Qb7 23. a3 Nxd3 24. Qxd3 Bb5 25. Nxb5 Qxb5 26. c4 Qc6 27. Bd2 Ra8 28. a4 Rfb8
29. Rfe1 Rb7 30. Re3 Qc7 31. Be1 Kh8 32. Qd1 Qd7 33. Bc3 Raa7 34. h4 e5 35. Rd3
Ra6 36. Bd2 h6 37. Rh3 Kg8 38. Be3 Qf7 39. Qf3 Kf8 40. Bd2 Ke7 41. Rd1 Rb8 42.
hxg5 hxg5 43. Qd3 Rbb6 44. Rh7 Ra8 45. Qh3 Rbb8 46. Kg1 Rh8 47. Rxh8 Rxh8 48.
Qf3 Qh5 49. Qxh5 Rxh5 50. Bxa5 Kd7 51. b4 Rh8 52. bxc5 Ra8 53. Rxd6+ Ke7 54. Bb6
Rxa4 55. Re6+ Kf7 56. Rd6 Rxc4 57. c6 Bf8 58. Rd7+ Ke8 59. Rd8+ Kf7 60. c7 Rc1+
61. Kh2 Bd6 62. Rxd6 Ke7 63. Rd8 g4 64. c8=Q 1-0

[Event "III Miedzynarodowy Memorial Ireny Warakomskiej - Open B"]
[Site "Suwalki"]
[Date "2019.08.12"]
[Round "1.24"]
[White "Wasik, Mateusz "]
[Black "Staroszczyk, Mateusz "]
[Result "0-1"]
[WhiteTitle ""]
[BlackTitle ""]
[WhiteElo "1761"]
[BlackElo "1968"]

1. e4 e5 2. Nf3 Nc6 3. Bc4 Nf6 4. d3 Bc5 5. c3 d6 6. Bb3 Bg4 7. O-O Qe7 8. Re1
O-O-O 9. Nbd2 h6 10. Nf1 g5 11. Ne3 Bxe3 12. Bxe3 a6 13. Bc2 d5 14. exd5 Nxd5
15. Bd2 Qf6 16. b4 Rhe8 17. h3 Bh5 18. Bb3 Nf4 19. Bxf4 Qxf4 20. Re4 Bxf3 21.
gxf3 Qf5 22. Kg2 Ne7 23. Kg3 Ng6 24. Bc2 Nf4 25. Qf1 Re6 26. Rae1 Nh5+ 27. Kg2
Nf6 28. Rc4 Nd5 29. Kg3 Rf6 30. Qh1 h5 31. Kh2 Nf4 32. Qf1 g4 33. fxg4 hxg4 34.
f3 g3+ 35. Kxg3 Rg8+ 36. Kf2 Rg2+ 37. Qxg2 Nxg2 0-1

[Event "III Miedzynarodowy Memorial Ireny Warakomskiej - Open B"]
[Site "Suwalki"]
[Date "2019.08.12"]
[Round "1.25"]
[White "Rosol, Alexander "]
[Black "Paprocki, Antoni "]
[Result "0-1"]
[WhiteTitle ""]
[BlackTitle ""]
[WhiteElo "1968"]
[BlackElo "1752"]

1. e4 e5 2. Nf3 Nc6 3. Nc3 Nf6 4. d4 exd4 5. Nxd4 Bb4 6. Nxc6 bxc6 7. Bd3 d5 8.
exd5 cxd5 9. O-O O-O 10. Bg5 c6 11. Ne2 h6 12. Bh4 Re8 13. c3 Bd6 14. b4 Bxh2+
15. Kh1 Be5 16. Nd4 Qd6 17. a4 Ng4 18. Nxc6 Bxc3 19. Bg3 Qxc6 20. Bb5 Qe6 21.
Bxe8 Bxa1 22. Re1 Be5 23. Kg1 Qxe8 24. Bxe5 Nxe5 25. Qxd5 Nf3+ 0-1

[Event "III Miedzynarodowy Memorial Ireny Warakomskiej - Open B"]
[Site "Suwalki"]
[Date "2019.08.12"]
[Round "1.26"]
[White "Kalvaitis, Gintautas "]
[Black "Skurniak, Szymon "]
[Result "1-0"]
[WhiteTitle ""]
[BlackTitle ""]
[WhiteElo "1751"]
[BlackElo "1962"]

1. e4 c5 2. Nc3 a6 3. f4 b5 4. Nf3 Bb7 5. d3 e6 6. Be2 d5 7. exd5 exd5 8. d4 Nf6
9. O-O Nc6 10. Be3 Qb6 11. a3 cxd4 12. Bf2 Ng4 13. Nxd5 Nxf2 14. Rxf2 Qd8 15.
Qe1 Be7 16. Nxe7 Nxe7 17. Rd1 O-O 18. Nxd4 Nd5 19. Bf3 Qf6 20. g3 Rad8 21. c3
Qb6 22. Rd3 Nxf4 23. gxf4 Qg6+ 24. Rg2 Qxd3 25. Bxb7 Rfe8 26. Qd2 Qb1+ 27. Kf2
Rd6 28. Bf3 Kf8 29. Rg1 Qf5 30. Rxg7 Qh3 31. Rg2 Qh4+ 32. Kf1 Rf6 33. f5 Rd6 34.
Rg4 Qh3+ 35. Qg2 Rh6 36. Rg8+ Ke7 37. Qxh3 Rxh3 38. f6+ Kd8 39. Nc6+ Kd7 40. Bg4+
Kxc6 41. Rxe8 Rh6 42. Ra8 Kb6 43. h3 Rxf6+ 44. Ke2 Rg6 45. Rh8 h6 46. Rf8 Rf6
47. Bf3 Re6+ 48. Kd3 Rd6+ 49. Ke3 Re6+ 50. Be4 f6 51. Kd4 Rd6+ 52. Bd5 a5 53.
Re8 b4 54. Re6 1-0